Wireless Rechargeable Sensor Networks 2019 (Record no. 24325)
[ view plain ]
| 000 -LEADER | |
|---|---|
| fixed length control field | 00793nam a2200121Ia 4500 |
| 008 - FIXED-LENGTH DATA ELEMENTS--GENERAL INFORMATION | |
| fixed length control field | 220620s9999||||xx |||||||||||||| ||und|| |
| 245 #0 - TITLE STATEMENT | |
| Title | Wireless Rechargeable Sensor Networks 2019 |
| 546 ## - LANGUAGE NOTE | |
| Language note | English[eng] |
| 650 ## - SUBJECT ADDED ENTRY--TOPICAL TERM | |
| Topical term or geographic name entry element | wireless rechargeable sensor networks||multiple mobile chargers||charge scheduling||genetic algorithm||sustainable networks||Wireless Sensor Network||Dijkstra routing algorithm||load balance||power consumption||energy harvesting||wireless sensor network||environmental monitoring||clustering||energy efficiency||network lifetime||transmission power||distributed networks||fingerprinting||localization||ray-tracing||wireless sensors||hybrid method||wireless charger deployment |
| 700 ## - ADDED ENTRY--PERSONAL NAME | |
| Personal name | Yu, Chang Wu |
| 856 ## - ELECTRONIC LOCATION AND ACCESS | |
| Uniform Resource Identifier | <a href="https://mdpi.com/books/pdfview/book/3220">https://mdpi.com/books/pdfview/book/3220</a> |
| 942 ## - ADDED ENTRY ELEMENTS (KOHA) | |
| Koha item type | E-Books |
| Withdrawn status | Lost status | Damaged status | Not for loan | Home library | Current library | Date acquired | Total Checkouts | Date last seen | Price effective from | Koha item type |
|---|---|---|---|---|---|---|---|---|---|---|
| Kerala University of Digital Sciences, Innovation and Technology Knowledge Centre | Kerala University of Digital Sciences, Innovation and Technology Knowledge Centre | 20/06/2022 | 20/06/2022 | 20/06/2022 | E-Books |